000
00323pab a2200145 454500
008
180718b1986 xxu||||| |||| 00| 0 eng d
100
_a
Rayudu, C.S.
245
_a
Land and water use management
260
_c
1986
300
_a
12-14
362
_a
20 Apr.
650
_a
Water Supply
773
_a
Janata
909
_a
20610
999
_c
20610
_d
20610